000 00511nam a2200157Ia 4500
003 SGT
020 _a8126504404
082 _a658.10285576
_bFOS
100 _aFoster, Susan,
245 _aOracle E-business suite 11i : implementing core financial applications
260 _bWiley India Pvt. Ltd.
_aN.Delhi
_c2006
300 _a340p.
650 _aMANAGEMENT
653 _aCONCEPTS, ORACLE APPLICATIONS NAVIGATION, SETTING UP ORACLE APPLICATION,FLEXFIELDS, GENERAL LEDGER, MULTI-ORG, PAYABLES
942 _2ddc
_cBK
999 _c5626
_d5626